[Event "CHN-chT"]
[Site "Qingdao"]
[Date "2024.04.09"]
[Round "8.3"]
[White "Zhao, Jun"]
[Black "Wang, Shixu B"]
[Result "1-0"]
[WhiteElo "2545"]
[BlackElo "2429"]
[PlyCount "101"]
[EventDate "2024.04.02"]
[EventType "team-swiss"]
[EventRounds "9"]
[EventCountry "CHN"]
[SourceTitle "CB16_2024"]
[SourceDate "2024.04.17"]
[SourceVersion "1"]
[SourceVersionDate "2024.04.17"]
[SourceQuality "1"]
[WhiteTeam "Shandong"]
[BlackTeam "Tianjin"]
[WhiteTeamCountry "CHN"]
[BlackTeamCountry "CHN"]

1. d4 Nf6 2. c4 e6 3. Nf3 d5 4. Nc3 Be7 5. Bg5 h6 6. Bh4 0-0 7. e3 b6 8. Bd3 dxc4 9. Bxc4 Bb7 10. 0-0 Nbd7 11. Qe2 Ne4 12. Nxe4 Bxh4 13. Nc3 Be7 14. Rfd1 a6 15. Rac1 c6 16. Bd3 Qe8 17. Bb1 c5 18. d5 exd5 19. Nxd5 Bxd5 20. Rxd5 Nf6 21. Rdd1 g6 22. e4 Nh5 23. Qe3 Kh7 24. e5 Ng7 25. h4 h5 26. Ng5+ Bxg5 27. Qxg5 Rd8 28. Bc2 Rd4 29. Rxd4 cxd4 30. Bd3 Qd8 31. Rc6 Qxg5 32. hxg5 Ne6 33. Rxb6 Rc8 34. Rd6 a5 35. g3 Nxg5 36. Kg2 Ne6 37. b3 Rc5 38. f4 h4 39. Bc4 hxg3 40. Kxg3 a4 41. Kg4 axb3 42. axb3 Rc7 43. Bxe6 fxe6 44. Kg5 Kg7 45. Rxe6 Rd7 46. Rd6 Rxd6 47. exd6 Kf7 48. Kg4 Ke6 49. Kf3 Kxd6 50. Ke4 Kc5 51. Kd3 1-0

[Event "Titled Tuesday intern op 12th Sep Early"]
[Site "Chess.com INT"]
[Date "2023.09.12"]
[Round "3"]
[White "Zhao, Jun"]
[Black "Shturman, Arseniy"]
[Result "0-1"]
[WhiteElo "2571"]
[BlackElo "2161"]
[PlyCount "56"]
[EventDate "2023.09.12"]
[EventType "swiss (blitz)"]
[EventRounds "11"]
[EventCountry "USA"]
[SourceTitle "EXT 2024"]
[Source "ChessBase"]
[SourceDate "2023.10.10"]
[SourceVersion "1"]
[SourceVersionDate "2023.10.10"]
[SourceQuality "1"]

1. e4 c5 2. Nf3 Nc6 3. d4 cxd4 4. Nxd4 Nf6 5. Nc3 e5 6. Nf5 d5 7. exd5 Bxf5 8. dxc6 bxc6 9. Qf3 Qd7 10. Bg5 e4 11. Qd1 Nd5 12. Nxd5 cxd5 13. Qd4 f6 14. Be3 Rc8 15. 0-0-0 Be6 16. Ba6 Rc7 17. Kb1 Qc6 18. Bf1 Qxc2+ 19. Ka1 Bc5 20. Bb5+ Kf7 21. Qa4 Bxe3 22. fxe3 Qxg2 23. Qa6 Rhc8 24. Rhe1 Qd2 25. a3 Rc1+ 26. Rxc1 Rxc1+ 27. Rxc1 Qxc1+ 28. Ka2 d4+ 0-1

[Event "Titled Tuesday intern op 22nd Aug Early"]
[Site "Chess.com INT"]
[Date "2023.08.22"]
[Round "11"]
[White "Borgaonkar, Akshay"]
[Black "Zhao, Jun"]
[Result "1/2-1/2"]
[WhiteElo "2076"]
[BlackElo "2571"]
[PlyCount "152"]
[EventDate "2023.08.22"]
[EventType "swiss (blitz)"]
[EventRounds "11"]
[EventCountry "USA"]
[SourceTitle "EXT 2024"]
[Source "ChessBase"]
[SourceDate "2023.10.10"]
[SourceVersion "1"]
[SourceVersionDate "2023.10.10"]
[SourceQuality "1"]

1. Nf3 Nf6 2. b3 b6 3. Bb2 Bb7 4. e3 d6 5. c4 Nbd7 6. Nc3 e5 7. d3 g6 8. e4 Bg7 9. g3 Nc5 10. Bg2 0-0 11. b4 Ne6 12. 0-0 Nh5 13. Ne1 Kh8 14. a4 f5 15. exf5 Bxg2 16. Nxg2 Nd4 17. Ne4 Rxf5 18. Bxd4 exd4 19. g4 d5 20. cxd5 Rxd5 21. gxh5 Rxh5 22. Qf3 Qe7 23. Ng3 Rf8 24. Rae1 Qxb4 25. Qg4 Ra5 26. Nf4 Qd6 27. Ne6 Rf7 28. Ng5 Rf8 29. Re8 Qf6 30. N3e4 Qf5 31. Rxf8+ Bxf8 32. Qxf5 gxf5 33. Ng3 Rxa4 34. Ne6 Bb4 35. Nxf5 Bc3 36. Kh1 c5 37. Rg1 Ra1 38. Nd6 Rxg1+ 39. Kxg1 a5 40. Nb5 a4 41. Nf4 Bb2 42. Nd5 a3 43. Nxa3 Bxa3 44. Nxb6 Kg7 45. Nc4 Bc1 46. Kg2 Kf6 47. Kf3 Kf5 48. Nd6+ Ke5 49. Ne4 Ba3 50. Nd2 Kf5 51. Nc4 Bc1 52. h3 Bf4 53. Na5 Bc7 54. Nb7 Bb6 55. Nd6+ Kg5 56. Nc4 Bc7 57. Ke4 Kh4 58. f4 Kxh3 59. f5 Bd8 60. Ke5 h5 61. Nd6 Kg2 62. Nb7 Bg5 63. Nxc5 h4 64. Ne4 h3 65. Nxg5 h2 66. f6 h1Q 67. f7 Qh8+ 68. Ke6 Qh6+ 69. Kf5 Kf2 70. Ne6 Qh5+ 71. Kf6 Qh6+ 72. Ke7 Qh7 73. Ke8 Qg6 74. Ke7 Qh7 75. Ng5 Qg7 76. Ne6 Qh7 1/2-1/2

[Event "Titled Tuesday intern op 22nd Aug Early"]
[Site "Chess.com INT"]
[Date "2023.08.22"]
[Round "7"]
[White "Martinez Reyes, Pedro Ramon"]
[Black "Zhao, Jun"]
[Result "0-1"]
[WhiteElo "2354"]
[BlackElo "2571"]
[PlyCount "75"]
[EventDate "2023.08.22"]
[EventType "swiss (blitz)"]
[EventRounds "11"]
[EventCountry "USA"]
[SourceTitle "EXT 2024"]
[Source "ChessBase"]
[SourceDate "2023.10.10"]
[SourceVersion "1"]
[SourceVersionDate "2023.10.10"]
[SourceQuality "1"]

1. d4 Nf6 2. c4 g6 3. Nc3 d5 4. Bf4 Bg7 5. e3 0-0 6. Rc1 c5 7. dxc5 Be6 8. Nf3 Nc6 9. Ng5 Qa5 10. Nxe6 fxe6 11. Qa4 Qd8 12. cxd5 exd5 13. Bb5 e5 14. Bg5 d4 15. Ne4 Kh8 16. Bxf6 Bxf6 17. Bxc6 bxc6 18. 0-0 Qd5 19. Nxf6 Rxf6 20. exd4 exd4 21. Rfd1 d3 22. Qc4 Rd8 23. Qc3 Qf5 24. Rd2 Kg8 25. Re1 Rf7 26. Ree2 dxe2 27. Rxd8+ Rf8 28. Qc4+ Kg7 29. Qc3+ Qf6 30. Rd7+ Rf7 31. Rxf7+ Kxf7 32. Qc4+ Qe6 33. Qf4+ Kg8 34. Qb8+ Kg7 35. Qc7+ Kh6 36. Qf4+ g5 37. Qf8+ Kg6 38. Qg8+ 0-1

[Event "Titled Tuesday intern op 15th Aug Early"]
[Site "Chess.com INT"]
[Date "2023.08.15"]
[Round "2"]
[White "Zhao, Jun"]
[Black "Pesotskiy, Mikhail"]
[Result "1-0"]
[WhiteElo "2571"]
[BlackElo "2140"]
[PlyCount "75"]
[EventDate "2023.08.15"]
[EventType "swiss (blitz)"]
[EventRounds "11"]
[EventCountry "USA"]
[SourceTitle "EXT 2024"]
[Source "ChessBase"]
[SourceDate "2023.10.10"]
[SourceVersion "1"]
[SourceVersionDate "2023.10.10"]
[SourceQuality "1"]

1. d4 Nf6 2. Nf3 e6 3. Bf4 c5 4. e3 Nc6 5. c3 Nh5 6. Bg5 Qb6 7. Qb3 h6 8. Bh4 g5 9. Bg3 Nxg3 10. hxg3 Bg7 11. Nbd2 d5 12. Be2 Bd7 13. 0-0 g4 14. Ne1 h5 15. dxc5 Qxc5 16. Nd3 Qb6 17. Qxb6 axb6 18. Nb3 Ke7 19. Nf4 Na5 20. Rfd1 Nc4 21. Bxc4 dxc4 22. Nd2 b5 23. a4 e5 24. Nd5+ Kd8 25. Nb6 Ra6 26. Nxd7 Kxd7 27. Nxc4+ Kc6 28. axb5+ Kxb5 29. Nd6+ Kc6 30. Rxa6+ bxa6 31. Nxf7 Rb8 32. Rd6+ Kc7 33. Rxa6 Rxb2 34. Ng5 Kb7 35. Re6 Bf8 36. Rxe5 Rb1+ 37. Kh2 Rc1 38. Ne4 1-0

[Event "Titled Tuesday intern op 08th Aug Early"]
[Site "Chess.com INT"]
[Date "2023.08.08"]
[Round "1"]
[White "Bogaudinov, Rushan"]
[Black "Zhao, Jun"]
[Result "0-1"]
[WhiteElo "1853"]
[BlackElo "2571"]
[PlyCount "54"]
[EventDate "2023.08.08"]
[EventType "swiss (blitz)"]
[EventRounds "11"]
[EventCountry "USA"]
[SourceTitle "EXT 2024"]
[Source "ChessBase"]
[SourceDate "2023.10.10"]
[SourceVersion "1"]
[SourceVersionDate "2023.10.10"]
[SourceQuality "1"]

1. e4 c6 2. d4 d5 3. e5 Bf5 4. c4 e6 5. Nc3 Ne7 6. a3 h6 7. c5 Nd7 8. b4 g5 9. h4 g4 10. h5 f6 11. exf6 Nxf6 12. Nge2 Bg7 13. Be3 0-0 14. Ng3 Qc7 15. Qd2 e5 16. Bxh6 Bxh6 17. Qxh6 exd4 18. Qg5+ Kh8 19. h6 Bg6 20. Nce2 d3 21. Nf4 Nh7 22. Nxg6+ Nxg6 23. Qxg6 Qe5+ 24. Kd2 Rxf2+ 25. Kxd3 Qxg3+ 26. Kd4 Rf4+ 27. Ke5 Re4+ 0-1

[Event "Titled Tuesday intern op 01st Aug Early"]
[Site "Chess.com INT"]
[Date "2023.08.01"]
[Round "6"]
[White "Khubukshanov, Erdem"]
[Black "Zhao, Jun"]
[Result "1-0"]
[WhiteElo "2389"]
[BlackElo "2571"]
[PlyCount "81"]
[EventDate "2023.08.01"]
[EventType "swiss (blitz)"]
[EventRounds "11"]
[EventCountry "USA"]
[SourceTitle "EXT 2024"]
[Source "ChessBase"]
[SourceDate "2023.10.10"]
[SourceVersion "1"]
[SourceVersionDate "2023.10.10"]
[SourceQuality "1"]

1. Nf3 Nf6 2. g3 d5 3. Bg2 e6 4. 0-0 Be7 5. d3 0-0 6. Nbd2 b6 7. a4 Bb7 8. a5 c5 9. c3 b5 10. d4 a6 11. dxc5 Bxc5 12. Nb3 Ba7 13. Ne5 Nbd7 14. Bf4 Rc8 15. Nd4 Nxe5 16. Bxe5 Ng4 17. Bf4 e5 18. Bh3 exd4 19. Bxg4 f5 20. Bf3 dxc3 21. bxc3 Rxc3 22. Qd2 Rc4 23. Rfd1 h6 24. Bxd5+ Bxd5 25. Qxd5+ Qxd5 26. Rxd5 g5 27. Bd2 Rc2 28. Kf1 Bb8 29. Rc1 Rxc1+ 30. Bxc1 Bc7 31. Bb2 f4 32. gxf4 Rxf4 33. Bc3 Rc4 34. Bd2 Kf7 35. Rd7+ Kg6 36. f3 Bxh2 37. Ra7 Rc6 38. Be3 Bc7 39. Bb6 Bxb6 40. Rxa6 b4 41. Rxb6 1-0

[Event "Titled Tuesday intern op 13th Jun Early"]
[Site "Chess.com INT"]
[Date "2023.06.13"]
[Round "1"]
[White "Fu, Yihe Rebo"]
[Black "Zhao, Jun"]
[Result "0-1"]
[WhiteElo "2044"]
[BlackElo "2584"]
[PlyCount "88"]
[EventDate "2023.06.13"]
[EventType "swiss (blitz)"]
[EventRounds "11"]
[EventCountry "USA"]
[SourceTitle "EXT 2024"]
[Source "ChessBase"]
[SourceDate "2023.10.10"]
[SourceVersion "1"]
[SourceVersionDate "2023.10.10"]
[SourceQuality "1"]

1. e4 c5 2. Nf3 d6 3. d4 cxd4 4. Nxd4 Nf6 5. Nc3 a6 6. Bg5 e6 7. f4 Nbd7 8. Qf3 Qc7 9. 0-0-0 b5 10. Bd3 Bb7 11. a3 Qb6 12. Nb3 Rc8 13. g4 Rxc3 14. bxc3 d5 15. e5 Bxa3+ 16. Kd2 d4 17. Qg3 dxc3+ 18. Ke2 Bxh1 19. Rxh1 Nd5 20. f5 Qc7 21. fxe6 fxe6 22. Ra1 b4 23. Nd4 Qxe5+ 24. Qxe5 Nxe5 25. Nxe6 Nxd3 26. Kxd3 Kf7 27. Nc5 h6 28. Bh4 a5 29. Bg3 Re8 30. Nb7 Ra8 31. Nd6+ Ke6 32. Nc4 Rc8 33. Nxa5 Nf6 34. h3 Rd8+ 35. Kc4 Rd2 36. Kb3 Ne4 37. Re1 Kd5 38. Bb8 Nc5+ 39. Ka2 Rxc2+ 40. Ka1 Rc1+ 41. Rxc1 Bxc1 42. Kb1 Bg5 43. Ba7 b3 44. Bxc5 c2+ 0-1

[Event "CHN-ch"]
[Site "Xinghua"]
[Date "2023.05.14"]
[Round "9"]
[White "Zhao, Jun"]
[Black "Lou, Yiping"]
[Result "1/2-1/2"]
[WhiteElo "2591"]
[BlackElo "2492"]
[PlyCount "156"]
[EventDate "2023.05.06"]
[EventType "tourn"]
[EventRounds "11"]
[EventCountry "CHN"]
[EventCategory "9"]
[SourceTitle "CBM 215 Extra"]
[Source "ChessBase"]
[SourceDate "2023.09.30"]
[SourceVersion "1"]
[SourceVersionDate "2023.09.30"]
[SourceQuality "1"]

1. c4 Nf6 2. Nc3 e6 3. d4 Bb4 4. Nf3 b6 5. e3 Bb7 6. Bd3 0-0 7. 0-0 c5 8. Na4 cxd4 9. exd4 Re8 10. a3 Bf8 11. b4 d6 12. Bb2 Nbd7 13. Re1 Rc8 14. Bf1 Qc7 15. Nc3 Qb8 16. Nd2 g6 17. Nb3 Bg7 18. Rc1 h5 19. h3 h4 20. Rc2 Ba6 21. b5 Bb7 22. Na2 a6 23. bxa6 Bxa6 24. Nb4 Bb7 25. Qc1 Be4 26. Rc3 Ba8 27. Rc2 Be4 28. Rce2 d5 29. c5 Nh5 30. c6 Ndf6 31. Nd2 Bh6 32. Qd1 Bf8 33. Nxe4 Nxe4 34. Rxe4 dxe4 35. Rxe4 Nf6 36. d5 Nxe4 37. Qd4 e5 38. Qxe4 Bc5 39. Na6 Qd6 40. Nxc5 bxc5 41. a4 Rb8 42. Bb5 Re7 43. Qxh4 f6 44. Bc3 Kg7 45. Qe4 Rd8 46. Bc4 f5 47. Qe3 Kf6 48. f4 Rde8 49. a5 g5 50. fxe5+ Rxe5 51. a6 Kg6 52. Bxe5 Rxe5 53. Qg3 f4 54. Qc3 Kh6 55. a7 Re8 56. Qf3 Re1+ 57. Kh2 Ra1 58. Be2 g4 59. hxg4 Rxa7 60. g3 Rf7 61. gxf4 Rxf4 62. Qg3 Kg5 63. Bf3 c4 64. Kh3 Qh6+ 65. Kg2 Qd6 66. Qh3 Qg6 67. c7 Qc2+ 68. Kg3 Rxf3+ 69. Kxf3 Qd3+ 70. Kg2 Qe2+ 71. Kg1 Qe1+ 72. Kg2 Qe2+ 73. Kh1 Qe1+ 74. Kh2 Qf2+ 75. Qg2 Qh4+ 76. Kg1 Qe1+ 77. Kh2 Qh4+ 78. Kg1 Qe1+ 1/2-1/2

[Event "CHN-ch"]
[Site "Xinghua"]
[Date "2023.05.08"]
[Round "3"]
[White "Xu, Yi"]
[Black "Zhao, Jun"]
[Result "0-1"]
[WhiteElo "2527"]
[BlackElo "2591"]
[PlyCount "148"]
[EventDate "2023.05.06"]
[EventType "tourn"]
[EventRounds "11"]
[EventCountry "CHN"]
[EventCategory "9"]
[SourceTitle "CBM 215 Extra"]
[Source "ChessBase"]
[SourceDate "2023.09.30"]
[SourceVersion "1"]
[SourceVersionDate "2023.09.30"]
[SourceQuality "1"]

1. e4 e5 2. Nf3 Nc6 3. d4 exd4 4. Nxd4 Bc5 5. Nb3 Bb6 6. Nc3 Qf6 7. Qe2 Nge7 8. h4 d6 9. Bg5 Qe6 10. 0-0-0 0-0 11. g3 f6 12. Be3 Qf7 13. f4 Be6 14. Bg2 Rfe8 15. Rhe1 Kh8 16. Bf3 f5 17. Kb1 Ng8 18. Qg2 Nh6 19. Bf2 Bxf2 20. Qxf2 a5 21. Nd4 Nxd4 22. Qxd4 fxe4 23. Bxe4 Bg4 24. Rc1 Nf5 25. Qd3 Rab8 26. Nd1 Nh6 27. Ne3 Qg8 28. f5 Re5 29. Nxg4 Nxg4 30. Bf3 Rbe8 31. Rxe5 Nxe5 32. Qd5 c6 33. Qxg8+ Kxg8 34. Re1 Rf8 35. Be4 Kf7 36. c3 Re8 37. Bg2 Ng4 38. Rxe8 Kxe8 39. Bh3 Nf2 40. Bg2 Ng4 41. Bh3 Nf2 42. Bg2 Ke7 43. Kc2 Kf6 44. Kb3 Nd3 45. Ka4 Nxb2+ 46. Kxa5 Nc4+ 47. Kb4 Ne3 48. Be4 d5 49. Bd3 b6 50. a4 Nxf5 51. g4 Nxh4 52. Bxh7 Ke5 53. Bc2 Nf3 54. Bf5 Nd2 55. Bd7 Kd6 56. Bf5 g5 57. Bd3 Nf3 58. Bc2 Ne5 59. Bf5 Nc4 60. Bd3 Na5 61. Bf5 Kc7 62. Be6 Nc4 63. Bg8 Kd6 64. Bf7 Ne5 65. Bh5 c5+ 66. Kb5 d4 67. cxd4 cxd4 68. Kb4 Kd5 69. Be8 d3 70. Kc3 Ke4 71. Kd2 Kd4 72. Bb5 Nf3+ 73. Kd1 Kc3 74. Kc1 Ne5 0-1

[Event "Titled Tuesday intern op 02nd May Early"]
[Site "Chess.com INT"]
[Date "2023.05.02"]
[Round "3"]
[White "Zhao, Jun"]
[Black "Caruana, Fabiano"]
[Result "0-1"]
[WhiteElo "2591"]
[BlackElo "2764"]
[PlyCount "92"]
[EventDate "2023.05.02"]
[EventType "swiss (blitz)"]
[EventRounds "11"]
[EventCountry "USA"]
[SourceTitle "EXT 2024"]
[Source "ChessBase"]
[SourceDate "2023.10.10"]
[SourceVersion "1"]
[SourceVersionDate "2023.10.10"]
[SourceQuality "1"]

1. e4 c5 2. Nf3 Nc6 3. Bb5 e6 4. Bxc6 bxc6 5. d3 Ne7 6. Qe2 Qc7 7. 0-0 Ng6 8. h4 Be7 9. g3 e5 10. Bg5 f6 11. Be3 d5 12. h5 Nf8 13. Nh4 g5 14. Nf5 Bxf5 15. exf5 Nd7 16. c4 h6 17. Bd2 0-0 18. Nc3 Nb6 19. b3 Rad8 20. Rae1 Qd7 21. cxd5 cxd5 22. Qf3 Kg7 23. Rc1 Bd6 24. Nxd5 Qb7 25. Ba5 Qxd5 26. Qxd5 Nxd5 27. Bxd8 Rxd8 28. Kg2 Nb4 29. Rc4 Be7 30. Rd1 Kf7 31. Rd2 Rd4 32. Rxd4 cxd4 33. Kf3 Nd5 34. Rc2 Nc3 35. g4 Ba3 36. Kg2 Ke7 37. f3 Kd6 38. Kf2 Kc5 39. Ke1 Kb4 40. Kd2 a5 41. Ke1 a4 42. bxa4 Kxa4 43. Kd2 Bb4 44. Kc1 Ka3 45. Rd2 Nxa2+ 46. Rxa2+ Kxa2 0-1

[Event "Titled Tuesday intern op 02nd May Early"]
[Site "Chess.com INT"]
[Date "2023.05.02"]
[Round "8"]
[White "Zhao, Jun"]
[Black "Omelja, Artem"]
[Result "1-0"]
[WhiteElo "2591"]
[BlackElo "2446"]
[PlyCount "89"]
[EventDate "2023.05.02"]
[EventType "swiss (blitz)"]
[EventRounds "11"]
[EventCountry "USA"]
[SourceTitle "EXT 2024"]
[Source "ChessBase"]
[SourceDate "2023.10.10"]
[SourceVersion "1"]
[SourceVersionDate "2023.10.10"]
[SourceQuality "1"]

1. d4 Nf6 2. Bf4 e6 3. e3 d5 4. Nf3 c5 5. Nbd2 Bd6 6. Bb5+ Nc6 7. Bg3 0-0 8. c3 a6 9. Bxc6 bxc6 10. Qa4 Bb7 11. Bxd6 Qxd6 12. Qa3 Nd7 13. Nb3 a5 14. Nxc5 Nxc5 15. Qxc5 Qxc5 16. dxc5 f6 17. Nd4 Kf7 18. a4 g6 19. b4 e5 20. Nb3 axb4 21. cxb4 Ba6 22. Na5 Rfc8 23. Kd2 Ke6 24. Kc3 Rab8 25. Rhd1 f5 26. f4 h6 27. fxe5 Kxe5 28. Nb3 Bc4 29. Nd4 Rc7 30. Rd2 Ra8 31. g3 Ke4 32. Rf2 Ra6 33. Rf4+ Ke5 34. a5 Ra8 35. g4 fxg4 36. Rxg4 g5 37. h4 Rg8 38. Rag1 Kf6 39. hxg5+ hxg5 40. Rxg5 Rxg5 41. Rxg5 Rh7 42. Rf5+ Kg6 43. Rf3 Rh1 44. Nxc6 Ra1 45. Ne5+ 1-0

[Event "Titled Tuesday intern op 18th Apr Early"]
[Site "Chess.com INT"]
[Date "2023.04.18"]
[Round "1"]
[White "Liu, Casper Yukun"]
[Black "Zhao, Jun"]
[Result "0-1"]
[WhiteElo "2241"]
[BlackElo "2591"]
[PlyCount "66"]
[EventDate "2023.04.18"]
[EventType "swiss (blitz)"]
[EventRounds "11"]
[EventCountry "USA"]
[SourceTitle "EXT 2024"]
[Source "ChessBase"]
[SourceDate "2023.10.10"]
[SourceVersion "1"]
[SourceVersionDate "2023.10.10"]
[SourceQuality "1"]

1. e4 c5 2. Nc3 Nc6 3. Nf3 g6 4. g3 Bg7 5. Bg2 e6 6. 0-0 Nge7 7. d3 0-0 8. h4 d6 9. h5 Rb8 10. h6 Bh8 11. a4 a6 12. Be3 Nd4 13. Ra2 e5 14. Nb1 f5 15. c3 Nxf3+ 16. Bxf3 Be6 17. c4 f4 18. Bd2 Nc6 19. Bg4 Qd7 20. Bxe6+ Qxe6 21. Kh2 Nd4 22. gxf4 exf4 23. f3 g5 24. Nc3 Be5 25. Nd5 Kh8 26. Kg2 g4 27. fxg4 f3+ 28. Kf2 Qxg4 29. Rg1 Qh4+ 30. Kf1 Qh3+ 31. Kf2 Qh2+ 32. Kf1 f2 33. Rg7 Qh1+ 0-1